000
00281nam a22001217a 4500
008
170606b xxu||||| |||| 00| 0 eng d
041
_a
eng
080
_a
32
100
_a
18
101
_a
SHP
245
_a
POLITICS AND THE AFRICAN DEVELOPMENT BANK
_c
MINGST, K.A
942
_2
udc
_c
BK
999
_c
16152
_d
16152